Detalles MARC
| 000 -LEADER |
| campo de control de longitud fija |
03398nam a2200469 i 4500 |
| 001 - NÚMERO DE CONTROL |
| campo de control |
612 |
| 003 - IDENTIFICADOR DE NÚMERO DE CONTROL |
| campo de control |
gtuscu |
| 005 - FECHA Y HORA DE LA ÚLTIMA TRANSACCIÓN |
| campo de control |
20260515081237.0 |
| 007 - CAMPO FIJO DE DESCRIPCIÓN FÍSICA--INFORMACIÓN GENERAL |
| campo de control de longitud fija |
ta |
| 008 - DATOS DE LONGITUD FIJA--INFORMACIÓN GENERAL |
| campo de control de longitud fija |
250530e2020 gt abd||r|||| 001 0 spa d |
| 020 ## - NÚMERO INTERNACIONAL ESTÁNDAR DEL LIBRO |
| Número Internacional Estándar del Libro |
9789929592346 |
| Condiciones de disponibilidad |
disponible |
| 040 ## - FUENTE DE CATALOGACIÓN |
| Centro catalogador/agencia de origen |
gtuscu |
| Lengua de catalogación |
spa |
| Centro/agencia transcriptor |
gtuscu |
| Centro/agencia modificador |
gtuscu |
| Normas de descripción |
rda |
| 082 04 - NÚMERO DE LA CLASIFICACIÓN DECIMAL DEWEY |
| Número de clasificación |
CEUR 625.7 P381 |
| 100 1# - ENTRADA PRINCIPAL--NOMBRE DE PERSONA |
| Nombre de persona |
Peláez, Ronald Mynor |
| Fechas asociadas al nombre |
1970- , |
| Término indicativo de función/relación |
autor |
| 245 1# - MENCIÓN DEL TÍTULO |
| Título |
Libramiento de Chimaltenango : |
| Resto del título |
cronología del proceso de adjudicación, funcionamiento e impacto vial / |
| Mención de responsabilidad, etc. |
Ronald Mynor Peláez y Anna García Sagastume. |
| 264 1# - PRODUCCIÓN, PUBLICACIÓN, DISTRIBUCIÓN, FABRICACIÓN Y COPYRIGHT |
| Producción, publicación, distribución, fabricación y copyright |
Guatemala : |
| Nombre del de productor, editor, distribuidor, fabricante |
Universidad de San Carlos de Guatemala, Centro de Estudios Urbanos y Regionales, |
| Fecha de producción, publicación, distribución, fabricación o copyright |
2020. |
| 264 1# - PRODUCCIÓN, PUBLICACIÓN, DISTRIBUCIÓN, FABRICACIÓN Y COPYRIGHT |
| Fecha de producción, publicación, distribución, fabricación o copyright |
© 2020 |
| 300 ## - DESCRIPCIÓN FÍSICA |
| Extensión |
245 páginas : |
| Otras características físicas |
ilustraciones (algunas a color) ; |
| Dimensiones |
23.5 cm |
| 336 ## - TIPO DE CONTENIDO |
| Fuente |
rdacontenido |
| Término de tipo de contenido |
texto |
| Código de tipo de contenido |
txt |
| 337 ## - TIPO DE MEDIO |
| Fuente |
rdamedio |
| Nombre/término del tipo de medio |
sin mediación |
| Código del tipo de medio |
n |
| 338 ## - TIPO DE SOPORTE |
| Fuente |
rdasoporte |
| Nombre/término del tipo de soporte |
volumen |
| Código del tipo de soporte |
nc |
| 490 ## - MENCIÓN DE SERIE |
| Mención de serie |
Ordenamiento Territorial y Gestión del Riesgo ; |
| Designación de volumen o secuencia |
volumen VI. |
| 505 0# - NOTA DE CONTENIDO CON FORMATO |
| Información miscelánea |
Glosario de acrónimos -- |
| 505 0# - NOTA DE CONTENIDO CON FORMATO |
| Información miscelánea |
Glosario de términos -- |
| 505 0# - NOTA DE CONTENIDO CON FORMATO |
| Información miscelánea |
Presentación -- |
| 505 0# - NOTA DE CONTENIDO CON FORMATO |
| Información miscelánea |
Resumen -- |
| 505 0# - NOTA DE CONTENIDO CON FORMATO |
| Información miscelánea |
Introducción -- |
| 505 0# - NOTA DE CONTENIDO CON FORMATO |
| Información miscelánea |
I. |
| Título |
Descripción del municipio -- |
| 505 0# - NOTA DE CONTENIDO CON FORMATO |
| Información miscelánea |
II. |
| Título |
Conceptos y objetivos de los libramientos -- |
| 505 0# - NOTA DE CONTENIDO CON FORMATO |
| Información miscelánea |
III. |
| Título |
Línea del tiempo del libramiento de Chimaltenango -- |
| 505 0# - NOTA DE CONTENIDO CON FORMATO |
| Información miscelánea |
IV. |
| Título |
Tiempo y costos del congestionamiento -- |
| 505 0# - NOTA DE CONTENIDO CON FORMATO |
| Información miscelánea |
V. |
| Título |
Retos y perspectivas de una gestión vial vulnerable. |
| 505 0# - NOTA DE CONTENIDO CON FORMATO |
| Información miscelánea |
Conclusiones |
| 505 0# - NOTA DE CONTENIDO CON FORMATO |
| Información miscelánea |
Referencias |
| 505 0# - NOTA DE CONTENIDO CON FORMATO |
| Información miscelánea |
Anexos |
| 520 3# - RESUMEN, ETC. |
| Sumario, etc. |
La Ciudad de Chimaltenango ha crecido de forma desordenada originándose graves problemas de congestionamiento vehicular sobre la Carretera Interamericana.<br/>Por ello, en 2015 se inició la construcción del "Libremiento de Chimaltenango", el cual constituye un nuevo sistema vial en la región. Sin embargo, el desarrollo y funcionamiento de esta obra ha sido problemático desde el principio hasta hasta la actualidad; evidenciándose una planificación desorganizada y deficiente, causante de atrasos en la finalización del proyecto y aumento de costos, a tal punto que este libramiento se convirtiera en la carretera más cara construida en Guatemala. Para determinar el impacto generado por esta nueva carretera en el congestionamiento vial de Chimaltenango, se realizaron estimaciones de los costos extra invertidos al transitar por el municipio tanto por la Ruta CA-1 como para esta nueva vía. Los resultados obtenidos muestran que este congestionamiento se redujo notablemente a partir de la puesta en funcionamiento del libramiento a finales de 2019.<br/>Sin embargo, a pesar de su eficiencia, este libramiento ha sido afectado por una serie de fallas en su estructura. Especialmente deslizamientos que han afectado a la circulación vehicular y que a su vez, han generado la apertura de investigaciones por parte del Ministerio Público y la Contraloría General de Cuentas. Estos acontecimientos se describen en el presente libro por medio de una línea de tiempo, además de un breve análisis sobre los aspectos técnicos relativos a la hidrología y sismología de este municipio. |
| 650 14 - PUNTO DE ACCESO ADICIONAL DE MATERIA--TÉRMINO DE MATERIA |
| Fuente del encabezamiento o término |
LEMB |
| Término de materia o nombre geográfico como elemento de entrada |
Construcción de carreteras (Libramiento) |
| Subdivisión geográfica |
Chimaltenango, Guatemala |
| 650 14 - PUNTO DE ACCESO ADICIONAL DE MATERIA--TÉRMINO DE MATERIA |
| Fuente del encabezamiento o término |
LEMB |
| Término de materia o nombre geográfico como elemento de entrada |
Carreteras |
| 650 14 - PUNTO DE ACCESO ADICIONAL DE MATERIA--TÉRMINO DE MATERIA |
| Fuente del encabezamiento o término |
LEMB |
| Término de materia o nombre geográfico como elemento de entrada |
Diseño y planificación |
| 700 ## - ENTRADA AGREGADA--NOMBRE PERSONAL |
| Nombre de persona |
García Sagastume, Anna Lucía |
| Término indicativo de función/relación |
autora |
| 942 ## - ELEMENTOS DE ENTRADA SECUNDARIOS (KOHA) |
| Fuente de la clasificación o esquema de estantería |
Clasificación Decimal Dewey |
| Tipo de ítem Koha |
Libros |
| Suprimir en OPAC |
No |